Online
Catalog

La Alemania Romántica : (Record no. 41966)

MARC details
000 -CABECERA
campo de control de longitud fija 00793nam a2200205 a 4500
001 - NÚMERO DE CONTROL
campo de control 000042477
005 - FECHA Y HORA DE LA ÚLTIMA TRANSACCIÓN
campo de control 20201002040159.0
008 - DATOS DE LONGITUD FIJA--INFORMACIÓN GENERAL
campo de control de longitud fija 131204s1971 sp 000 0 spa d
040 ## - FUENTE DE LA CATALOGACIÓN
Centro catalogador/agencia de origen DO-SdBNP
Lengua de catalogación spa
Centro/agencia transcriptor BNPHU
100 1# - ENTRADA PRINCIPAL--NOMBRE DE PERSONA
Nombre de persona Brion, Marcel,
Fechas asociadas al nombre 1895-1984
9 (RLIN) 11233
240 10 - TÍTULO UNIFORME
Título uniforme L´Allemagne romantique /
245 13 - MENCIÓN DE TÍTULO
Título La Alemania Romántica :
Resto del título Heinrich Von Kleist, Ludwig Tieck /
Mención de responsabilidad, etc. Marcel Brion ; traducción de Fernando Santos Fontela.
260 ## - PUBLICACIÓN, DISTRIBUCIÓN, ETC.
Lugar de publicación, distribución, etc. Barcelona :
Nombre del editor, distribuidor, etc. Barral editores,
Fecha de publicación, distribución, etc. 1971.
300 ## - DESCRIPCIÓN FÍSICA
Extensión 167 p. ;
Dimensiones 20 cm.
490 1# - MENCIÓN DE SERIE
Mención de serie Breve Biblioteca de Respuesta ;
Designación de volumen o secuencia 14 ;
504 ## - NOTA DE BIBLIOGRAFÍA, ETC.
Nota de bibliografía, etc. Incluye referencias bibliográficas y notas al pie de las páginas
590 ## - NOTA LOCAL (RLIN)
Nota local Inventariado, 2019/ YL
700 1# - PUNTO DE ACCESO ADICIONAL--NOMBRE DE PERSONA
Nombre de persona Santos Fontela, Fernando
Término indicativo de función/relación tr.
9 (RLIN) 69659
830 #0 - PUNTO DE ACCESO ADICIONAL DE SERIE-TÍTULO UNIFORME
Título uniforme Breve Biblioteca de Respuesta
Designación de volumen o secuencia 14
9 (RLIN) 11235
Holdings
Estado de retiro Estado de pérdida Restricciones de uso No para préstamo Código de colección Localización permanente Ubicación/localización actual Ubicación en estantería Fecha de adquisición Número de inventario Total de préstamos Signatura topográfica completa Código de barras Fecha visto por última vez Precio válido a partir de Tipo de ítem Koha Número de copia
      Excluido de préstamo Monografías: Libros y Folletos General General En catalogación 04.12.2013 LF1   42477-10 25.06.2020 25.06.2020 No se presta  
  Extraviado   Excluido de préstamo Monografías: Libros y Folletos General General Extraviado 31.01.2014 LF1   42477-20 25.06.2020 25.06.2020 No se presta e. 2

Powered by Koha